| 000 | 00885cam a22002895a 4500 | ||
|---|---|---|---|
| 001 | L159347 | ||
| 008 | 161007s2016 xxk f 000 0 eng d | ||
| 020 | _a9781137432469 | ||
| 035 | _a(Sirsi) u159347 | ||
| 041 | 0 | _aeng | |
| 050 | 0 | 4 | _a333.33 $2 18 |
| 100 | 1 | _aIsaac, David | |
| 245 | 0 | 0 |
_aProperty development _bappraisal and finance |
| 250 | _a3rd ed. | ||
| 260 |
_aBasingstoke _bPalgrave _c2016 |
||
| 300 |
_aix, 262p. _c24cm. |
||
| 520 | _aGives an overview of the property development process, including site-finding, valuation, funding and construction. | ||
| 520 | _aSupersedes second edition (ISBN 9780230201781. | ||
| 590 | _aKA | ||
| 651 | 4 | _aUnited Kingdom | |
| 690 |
_aPlanning and development _96259 |
||
| 690 |
_aResidential property _96266 |
||
| 690 |
_aCommercial property _96227 |
||
| 700 | 1 | _aO'Leary, John | |
| 700 | 1 | _aDaley, Mark | |
| 942 | _n0 | ||
| 999 |
_c115823 _d115823 |
||